000 00458nam a2200169 a 4500
005 20140414132104.0
008 100731s19uu xx 00 eng d
020 _a9831870468
050 _aM 574.5
_bSt1 2003
100 _aSt. Clare, Geraldine
245 _aEndangered and extinct:
_banimal species.
260 _aMalaysia :
_bRhytm Distributor,
_c2003.
300 _a32
650 _aAnimal-
_xendangered
650 _aAnimal-
_xspecies
999 _c114539
_d114539